000 01170cam a22002055a 4500
001 L149373
008 100225e20100218xxk f 000 0 eng d
035 _a(Sirsi) u149373
041 0 _aeng
110 2 _aUK Green Building Council
_95440
245 0 0 _aSustainable community infrastructure
_ba joint report by the UK Green Building Council and the Zero Carbon Hub
_h[electronic resource]
260 _aLondon
_bUKGBC
_c2010
520 _aFinal report from the Joint Task Group on Sustainable Community Infrastructure. Argues that carbon and cost savings alongside community benefits can be derived from community scale heating, water harvesting, waste disposal and waste re-use. Key recommendations include the development of sustainable option plans for local authorities and a possible requirement for public sector buildings to connect to existing or planned community heat networks.
590 _aKA NTK
651 4 _aUnited Kingdom
_y
690 _aBUILT ENVIRONMENT-SUSTAINABLE CONSTRUCTION
710 1 _aZero Carbon Hub
856 4 8 _uhttps://www.ukgbc.org/site/document/download/?document_id=753
_zView the item free of charge at www.ukgbc.org
942 _n0
999 _c110472
_d110472